|
|
|
|
| LEADER |
01608nam a22003612a 4500 |
| 001 |
000436354 |
| 003 |
CZ BrMZK |
| 005 |
20251008123443.0 |
| 008 |
990305s1928 gw a f ger d |
| 040 |
|
|
|a ABA013
|b cze
|d BOA001
|
| 072 |
|
7 |
|a 514
|x Geometrie
|2 Konspekt
|9 13
|
| 080 |
|
|
|a 514.11
|2 MRF
|
| 080 |
|
|
|a (048.8)
|2 MRF
|
| 100 |
1 |
|
|a Klein, Felix,
|d 1849-1925
|7 jn19990004393
|4 aut
|
| 245 |
1 |
0 |
|a Elementarmathematik vom höheren Standpunkte aus.
|n Dritter Band.
|p Präzisions- und Approximationsmathematik /
|c Felix Klein ; ausgearbeitet von C.H.Müller ; für den Druck fertig gemacht und mit Zusätzen versehen von Fr. Seyfarth
|
| 246 |
3 |
3 |
|a Felix Klein Elementarmathematik vom höheren Standpunkte aus
|
| 246 |
3 |
0 |
|a Präzisions- und Approximationsmathematik
|
| 246 |
3 |
3 |
|a Elementarmathematik III
|
| 250 |
|
|
|a 3. Aufl.
|
| 260 |
|
|
|a Berlin :
|b Verlag von Julius Springer,
|c 1928
|
| 300 |
|
|
|a x, 238 s. :
|b il.
|
| 490 |
0 |
|
|a Die Grundlehren der mathematischen Wissenschaften ;
|v Band 16
|
| 500 |
|
|
|a Obsahuje rejstřík
|
| 650 |
0 |
7 |
|a elementární geometrie
|7 ph119910
|2 czenas
|
| 655 |
|
7 |
|a monografie
|7 fd132842
|2 czenas
|
| 700 |
1 |
|
|a Müller, Conrad,
|d 1878-1953
|7 xx0202238
|4 edt
|
| 700 |
1 |
|
|a Seyfarth, Friedrich,
|d 1891-1960
|7 uk20181009145
|4 edt
|
| 830 |
|
0 |
|a Grundlehren der mathematischen Wissenschaften
|
| 910 |
|
|
|a BOA001
|b 02357-0093.689,16
|
| 990 |
|
|
|a BK
|
| 991 |
|
|
|b 202510
|
| 996 |
6 |
|
|b 2618770030
|c 02357-0093.689,16
|l MZK
|r DEP / do 15 dnů
|n 0
|w 000436354
|u 000020
|a 240
|e BOA001
|j MZK50
|s P
|
| 996 |
6 |
|
|b 2619761200
|c 02357-0093.689,16
|l MZK
|r DEP / do 15 dnů
|n 1
|w 000436354
|u 000010
|a 240
|e BOA001
|j MZK50
|s P
|